|
|
|
|
| LEADER |
02010nam a2200481Ia 4500 |
| 001 |
EBC168968 |
| 003 |
MiAaPQ |
| 005 |
20200520144314.0 |
| 006 |
m o d | |
| 007 |
cr cn||||||||| |
| 008 |
970502s1998 enka sb 111 0 eng d |
| 010 |
|
|
|z 97020424
|
| 020 |
|
|
|z 0203057325
|
| 020 |
|
|
|z 0415149037
|
| 035 |
|
|
|a (MiAaPQ)EBC168968
|
| 035 |
|
|
|a (Au-PeEL)EBL168968
|
| 035 |
|
|
|a (CaPaEBR)ebr10056044
|
| 035 |
|
|
|a (CaONFJC)MIL33002
|
| 035 |
|
|
|a (OCoLC)475876069
|
| 040 |
|
|
|a MiAaPQ
|c MiAaPQ
|d MiAaPQ
|
| 050 |
|
4 |
|a HD6052
|b .A76 1995
|
| 082 |
0 |
4 |
|a 331.4
|2 21
|
| 111 |
2 |
|
|a Arne Ryde Symposium on "Economics of Gender and the Family"
|n (15th :
|d 1995 :
|c Rungstedgaard)
|
| 245 |
1 |
0 |
|a Women's work and wages
|h [electronic resource] :
|b a selection of papers from the 15th Arne Ryde Symposium on Economics of Gender and the Family in honor of Anna Bugge and Knut Wicksell /
|c edited by Christina Jonung and Inga Persson.
|
| 260 |
|
|
|a London ;
|a New York :
|b Routledge,
|c 1998.
|
| 300 |
|
|
|a xiv, 256 p. :
|b ill.
|
| 490 |
1 |
|
|a Routledge research in gender and society ;
|v 2
|
| 504 |
|
|
|a Includes bibliographical references and index.
|
| 533 |
|
|
|a Electronic reproduction. Ann Arbor, MI : ProQuest, 2015. Available via World Wide Web. Access may be limited to ProQuest affiliated libraries.
|
| 650 |
|
0 |
|a Women
|x Employment
|v Congresses.
|
| 650 |
|
0 |
|a Wages
|x Women
|v Congresses.
|
| 650 |
|
0 |
|a Work and family
|v Congresses.
|
| 650 |
|
0 |
|a Women
|x Employment
|z Europe
|v Case studies
|v Congresses.
|
| 650 |
|
0 |
|a Wages
|x Women
|z Europe
|v Case studies
|v Congresses.
|
| 650 |
|
0 |
|a Work and family
|z Europe
|v Case studies
|v Congresses.
|
| 655 |
|
4 |
|a Electronic books.
|
| 700 |
1 |
|
|a Bugge, Anna.
|
| 700 |
1 |
|
|a Wicksell, Knut,
|d 1851-1926.
|
| 700 |
1 |
|
|a Jonung, Christina.
|
| 700 |
1 |
|
|a Persson, Inga,
|d 1945-
|
| 710 |
2 |
|
|a ProQuest (Firm)
|
| 830 |
|
0 |
|a Routledge research in gender and society ;
|v 2.
|
| 856 |
4 |
0 |
|u https://ebookcentral.proquest.com/lib/matrademy/detail.action?docID=168968
|z Click to View
|